000 00559nam a2200217Ia 4500
003 OSt
005 20220928142641.0
006 a|||||r|||| 00| 0
007 ta
008 220927b |||||||| |||| 00| 0 eng d
024 _a19968
037 _cTextual
040 _aSDCL
_cSDCL
_beng
041 _2eng
_aeng
082 _aP152.277'N8, N0
100 _aJeeni C E
_9503781
245 0 _aPoorvachal pradesh mein Hindi bhasha aur sahitya.
260 _c1990
942 _hP152.277'N8, N0
_cTEXL
_2CC
999 _c822112
_d822112